Clubs de Premier League de la saison 2025-2026 - Statistiques

Statistiques générales
  • Ce quiz a été pris 451 fois
  • Le résultat moyen est 16 sur 20
Statistiques - réponses
Réponse % Correct
Manchester City | City
99%
Manchester United | United
98%
Arsenal
97%
Liverpool
96%
Chelsea
94%
Tottenham
91%
Aston Villa | Aston
87%
West Ham
81%
Brighton
80%
Everton
74%
Newcastle
73%
Sunderland
72%
Leeds
71%
Wolves
71%
Crystal Palace | Palace
69%
Brentford
68%
Fulham
66%
Bournemouth
64%
Burnley
64%
Nottingham
62%
Aucun quiz correspondant
Distribution des résultats
% des personnes avec chaque résultat
Percentile par nombre de réponses
Votre historique - résultats
Vous n’avez pas pris ce quiz